[Event "EU-ch U14 Girls"]
[Site "Prague"]
[Date "2012.08.17"]
[Round "1"]
[White "Glapa, Anna"]
[Black "Malassagne, Isabelle"]
[Result "0-1"]
[WhiteElo "1594"]
[BlackElo "1897"]
[PlyCount "122"]
[EventDate "2012.08.17"]
[EventType "swiss"]
[EventRounds "9"]
[EventCountry "CZE"]
[SourceTitle "CBM 150 Extra"]
[Source "ChessBase"]
[SourceDate "2012.10.19"]
[SourceVersion "1"]
[SourceVersionDate "2012.10.19"]
[SourceQuality "1"]

1. e4 e6 2. d4 d5 3. Nc3 Nf6 4. e5 Nfd7 5. Nf3 c5 6. dxc5 Nc6 7. Bf4 Bxc5 8. Bd3 f6 9. exf6 Nxf6 10. 0-0 0-0 11. Bg3 a6 12. Qd2 Bd6 13. Bxd6 Qxd6 14. Rfe1 Ng4 15. h3 Rxf3 16. gxf3 Qh2+ 17. Kf1 Qxh3+ 18. Ke2 Nd4+ 19. Kd1 Nxf3 20. Qe2 Nxe1 21. Qxe1 Qf3+ 22. Kc1 Qxf2 23. Qh1 Qf4+ 24. Kb1 Qh6 25. Qe1 Bd7 26. b3 Qf6 27. Kb2 Nf2 28. Qd2 Nxd3+ 29. Qxd3 Rc8 30. Rf1 Rxc3 31. Qxc3 Qxf1 32. Qc7 Qf6+ 33. Kb1 Qf1+ 34. Kb2 Qf7 35. Qd8+ Be8 36. Qb8 h5 37. Qg3 h4 38. Qh3 Qf5 39. Qh2 Qf6+ 40. Kb1 e5 41. Qg2 Bc6 42. Qh2 d4 43. Qh3 e4 44. Qc8+ Kh7 45. Qg4 e3 46. Qh5+ Kg8 47. Qg4 Bf3 48. Qc8+ Kh7 49. Qc4 e2 50. Qb4 Bg2 51. Kb2 d3+ 52. Ka3 dxc2 53. Qe1 Qf4 54. b4 c1Q+ 55. Qxc1 Qxc1+ 56. Ka4 e1Q 57. a3 Qe5 58. Kb3 Bd5+ 59. Ka4 Bc6+ 60. Kb3 Qec3+ 61. Ka2 Q3b2# 0-1